20 Smallest Countries in the World by Area - Statistics

General Stats
  • This quiz has been taken 113 times
    61 since last reset
  • The average score is 15 of 20
Answer Stats
Square Km Answer % Correct
0.44 km Vatican City
100%
61 km San Marino
94%
160 km Liechtenstein
91%
2.02 km Monaco
89%
21 km Nauru
87%
468 km Andorra
85%
26 km Tuvalu
85%
459 km Palau
83%
261 km St. Kitts & Nevis
83%
389 km St. Vincent and the Grenadines
79%
442 km Antigua & Barbuda
77%
430 km Barbados
74%
344 km Grenada
70%
316 km Malta
70%
616 km St. Lucia
70%
726 km Singapore
68%
181 km Marshall Islands
66%
702 km F. S. Micronesia
60%
452 km The Seychelles
60%
300 km The Maldives
57%
No matching quizzes found
Score Distribution
Percent of People with Each Score
Percentile by Number Answered
Your Score History
You have not taken this quiz since the last reset